Skocznie narciarskie po zdjęciu - Statystyki

Ogólne statystyki
  • Ten quiz został rozwiązany 182 razy
  • Średni wynik to 7 z 16
Statystyki odpowiedzi
Obrazkowy Odpowiedź % Poprawnych
Wisła
83%
Willingen
70%
Planica
69%
Oslo
61%
Iron Mountain
60%
Innsbruck
48%
Zakopane
47%
Vikersund
45%
Engelberg
42%
Zhangjiakou
36%
Harrachov
35%
Garmisch-Partenkirchen
29%
Titisee-Neustadt
27%
Falun
17%
Park City
14%
Klingenthal
6%
Nie znaleziono quizów pasujących do podanych kryteriów
Rozkład punktacji
Procent ludzi z każdym wynikiem
Percentyl według liczby udzielonych odpowiedzi
Twoja historia wyników
Nie rozwiązałeś tego quizu